000 00546nam a22001697a 4500
003 OSt
005 20171010095432.0
008 120508t xxu||||| |||| 00| 0 eng d
040 _aMMSU
_cULS
100 _aBalagtas, Aris
_99207
245 _aPerceptions of students on teachers' feedback
_cAris Balagtas
260 _c2009
300 _ax, 42 leaves
_c28 cm.
500 _aThesis (AB English Studies) -- Mariano Marcos State University-College of Arts and Sciences, Batac City
504 _aBibliography: leaves 35-36
942 _2ddc
_cTHEDIS
999 _c9506
_d9506